| 000 | 00887nam a2200265 a 4500 | ||
|---|---|---|---|
| 001 | 54708 | ||
| 003 | BD-RjUL | ||
| 005 | 20211209080147.0 | ||
| 008 | 161109s1964 enkag 001 0 eng | ||
| 020 | _a083695257X | ||
| 035 | _a(BD-RjUL)54830 | ||
| 040 |
_aDLC _cDLC _dZCU _beng |
||
| 041 | _aeng | ||
| 082 |
_a822.33 _223 _bSHA 1964 |
||
| 245 | 1 | 0 |
_aShakespeare in music / _cJohn Stevens ...[et al] Phyllis Hartnoll |
| 260 |
_aLondon : _bMacmillan ; _cc1964 |
||
| 300 |
_axi, 333 p. : _bill. ; _c23 cm. |
||
| 490 | 1 |
_aLibrary of Shakespearean biography and criticism ; _vser. 2, pt. A |
|
| 500 | _aInclude index | ||
| 600 | 1 | 0 |
_aShakespeare, William, _d1564-1616 _xKnowledge _xMusic. _9163126 |
| 700 |
_aHartnoll, Phyllis ...[et al] _9163127 |
||
| 830 | 0 |
_aLibrary of Shakespearean biography and criticism ; _vser. 2, pt. A. _9163128 |
|
| 942 |
_2ddc _cBK |
||
| 999 |
_c54708 _d54708 |
||